[Event "RUS-chT Rapid Men 2018"]
[Site "Sochi"]
[Date "2018.10.09"]
[Round "9"]
[White "Apryshko, Gleb"]
[Black "Savitskiy, Sergey"]
[Result "1-0"]
[WhiteElo "2399"]
[BlackElo "2413"]
[Annotator "NA"]
[PlyCount "77"]
[EventDate "2018.10.05"]
[EventType "swiss"]
[EventCountry "RUS"]
[SourceTitle "playchess.com"]
[Source "ChessBase"]
[SourceQuality "1"]
[TimeControl "900+10"]

1. b3 {[%emt 0:00:00]} e5 {[%emt 0:00:00]} 2. Bb2 {[%emt 0:00:00]} Nc6 {[%emt 0:00:01]} 3. e3 {[%emt 0:00:00]} Nf6 {[%emt 0:00:00]} 4. g3 {[%emt 0:00:01]} d5 {[%emt 0:00:06]} 5. Bg2 {[%emt 0:00:03]} Bg4 {[%emt 0:00:26]} 6. Ne2 {[%emt 0:00:03]} Qd7 {[%emt 0:00:08]} 7. h3 {[%emt 0:00:01]} Be6 {[%emt 0:01:13]} 8. d3 {[%emt 0:00:17]} Bd6 {[%emt 0:00:16]} 9. Nd2 {[%emt 0:00:13]} O-O {[%emt 0:00:02]} 10. g4 {[%emt 0:00:37]} h6 {[%emt 0:00:43]} 11. c4 {[%emt 0:01:06]} Qe7 {[%emt 0:04:31]} 12. a3 {[%emt 0:00:07]} a5 {[%emt 0:00:33]} 13. Ng3 {[%emt 0:00:30]} g6 {[%emt 0:00:59]} 14. Qc2 {[%emt 0:07:29]} Rad8 {[%emt 0:00:22]} 15. Nf3 {[%emt 0:02:25]} Nd7 {[%emt 0:01:13]} 16. O-O {[%emt 0:01:47]} Rfe8 {[%emt 0:04:43]} 17. Qc3 {[%emt 0:00:21]} d4 {[%emt 0:00:18]} 18. exd4 {[%emt 0:00:06]} exd4 {[%emt 0:00:14]} 19. Qd2 {[%emt 0:00:05]} Nc5 {[%emt 0:00:44]} 20. b4 {[%emt 0:00:20]} axb4 {[%emt 0:00:53]} 21. axb4 {[%emt 0:00:01]} Nb3 {[%emt 0:00:01]} 22. Qxh6 {[%emt 0:00:01]} Qf8 {[%emt 0:00:01]} 23. Qxf8+ {[%emt 0:00:06]} Bxf8 24. Ra3 b5 {[%emt 0:01:06]} 25. Ng5 {[%emt 0:00:47]} Nxb4 {[%emt 0:00:19]} 26. Nxe6 {[%emt 0:00:07]} Rxe6 {[%emt 0:00:07]} 27. Rxb3 {[%emt 0:00:01]} bxc4 {[%emt 0:00:03]} 28. dxc4 {[%emt 0:00:01]} c5 {[%emt 0:00:13]} 29. Ba3 {[%emt 0:00:12]} Re5 {[%emt 0:00:22]} 30. Bxb4 {[%emt 0:00:06]} cxb4 {[%emt 0:00:02]} 31. Bd5 {[%emt 0:00:00]} Kg7 {[%emt 0:00:12]} 32. Ra1 {[%emt 0:00:17]} Rd7 {[%emt 0:00:03]} 33. Kf1 {[%emt 0:00:33]} Kh7 {[%emt 0:00:14]} 34. Ra8 {[%emt 0:00:57]} Be7 {[%emt 0:00:13]} 35. f4 {[%emt 0:00:04]} Re3 {[%emt 0:00:06]} 36. Rxe3 {[%emt 0:00:01]} dxe3 {[%emt 0:00:02]} 37. Ke2 {[%emt 0:00:35]} Bc5 {[%emt 0:00:20]} 38. Ne4 {[%emt 0:00:13]} Bd4 {[%emt 0:00:02]} 39. Kd3 {[%emt 0:00:08]} 1-0

[Event "RUS-chT Rapid Men 2018"]
[Site "Sochi"]
[Date "2018.10.09"]
[Round "9"]
[White "Gogolev, Artem"]
[Black "Usmanov, Vasily"]
[Result "1/2-1/2"]
[WhiteElo "2389"]
[BlackElo "2453"]
[Annotator "TA"]
[PlyCount "44"]
[EventDate "2018.10.05"]
[EventType "swiss"]
[EventCountry "RUS"]
[SourceTitle "playchess.com"]
[Source "ChessBase"]
[SourceQuality "1"]

{[%evp 20,21,7,-15]} 1. Nf3 d5 2. d4 Nf6 3. c4 e6 4. g3 Be7 5. Bg2 O-O 6. O-O dxc4 7. Qc2 a6 8. Qxc4 b5 9. Qc2 Bb7 10. Bg5 Nbd7 11. Nbd2 {Predecessor:} Rc8 $146 12. Bxf6 Nxf6 13. Nb3 Be4 14. Qc1 c5 15. dxc5 Qc7 16. Rd1 a5 17. c6 Bxc6 18. Nfd4 Bxg2 19. Qxc7 Rxc7 20. Kxg2 a4 21. Nxb5 Rb7 22. N3d4 Bc5 {½-½ (45) Harikrishna,P (2755)-So,W (2822) Shamkir 2017} 1/2-1/2

[Event "RUS-chT Rapid Men 2018"]
[Site "Sochi"]
[Date "2018.10.09"]
[Round "9"]
[White "Tenikashvili, Georgij"]
[Black "Maletin, Pavel"]
[Result "0-1"]
[WhiteElo "2361"]
[BlackElo "2586"]
[Annotator "ChessBase"]
[PlyCount "68"]
[EventDate "2018.10.05"]
[EventType "swiss"]
[EventCountry "RUS"]
[SourceTitle "playchess.com"]
[Source "ChessBase"]
[SourceQuality "1"]
[TimeControl "900+10"]

1. d4 {[%emt 0:00:00]} Nf6 {[%emt 0:00:00]} 2. c4 {[%emt 0:00:00]} e6 {[%emt 0:00:00]} 3. Nf3 {[%emt 0:00:00]} d5 {[%emt 0:00:00]} 4. cxd5 {[%emt 0:00:21]} exd5 {[%emt 0:00:00]} 5. Nc3 {[%emt 0:00:02]} c6 {[%emt 0:00:03]} 6. Bg5 {[%emt 0:00:17]} Be7 {[%emt 0:00:12]} 7. Qc2 {[%emt 0:00:08]} g6 {[%emt 0:00:05]} 8. e3 {[%emt 0:00:08]} Bf5 {[%emt 0:00:03]} 9. Bd3 {[%emt 0:00:02]} Bxd3 {[%emt 0:00:02]} 10. Qxd3 {[%emt 0:00:02]} Nbd7 {[%emt 0:00:02]} 11. O-O {[%emt 0:00:27]} O-O {[%emt 0:00:03]} 12. a3 {[%emt 0:00:29]} a5 {[%emt 0:00:01]} 13. Rac1 {[%emt 0:00:09]} Re8 {[%emt 0:00:13]} 14. h3 {[%emt 0:00:07]} Ne4 {[%emt 0:00:05]} 15. Bf4 {[%emt 0:00:04]} Bd6 {[%emt 0:00:08]} 16. Bxd6 {[%emt 0:01:16]} Nxd6 {[%emt 0:00:01]} 17. Nd2 {[%emt 0:00:57]} f5 {[%emt 0:02:16]} 18. f4 {[%emt 0:03:23]} a4 {[%emt 0:00:11]} 19. Rc2 {[%emt 0:01:02]} Qe7 {[%emt 0:01:12]} 20. Re1 {[%emt 0:00:09]} g5 {[%emt 0:00:28]} 21. Nf3 {[%emt 0:01:03]} gxf4 {[%emt 0:00:11]} 22. exf4 {[%emt 0:00:04]} Ne4 {[%emt 0:00:02]} 23. Ne5 {[%emt 0:00:34]} Kh8 {[%emt 0:00:21]} 24. Qf3 {[%emt 0:02:12]} Rg8 {[%emt 0:00:14]} 25. Qh5 {[%emt 0:00:16]} Raf8 {[%emt 0:01:06]} 26. Nxe4 {[%emt 0:02:22]} fxe4 {[%emt 0:00:07]} 27. Rf2 {[%emt 0:00:14]} Nxe5 {[%emt 0:00:36]} 28. dxe5 {[%emt 0:00:41]} Rg3 {[%emt 0:00:49]} 29. Qh6 {[%emt 0:00:33]} Rfg8 {[%emt 0:00:20]} 30. f5 {[%emt 0:01:28]} Qxe5 {[%emt 0:00:10]} 31. f6 {[%emt 0:00:01]} e3 {[%emt 0:00:08]} 32. Rfe2 {[%emt 0:01:15]} Qe4 {[%emt 0:00:12]} 33. f7 {[%emt 0:00:25]} Rxg2+ {[%emt 0:00:02]} 34. Kf1 {[%emt 0:00:10]} Rg1# {[%emt 0:00:03]} 0-1

[Event "RUS-chT Rapid Men 2018"]
[Site "Sochi"]
[Date "2018.10.09"]
[Round "9"]
[White "Derjabin, Ilja"]
[Black "Iljiushenok, Ilia"]
[Result "1-0"]
[WhiteElo "2345"]
[BlackElo "2539"]
[Annotator "TA"]
[PlyCount "111"]
[EventDate "2018.10.05"]
[EventType "swiss"]
[EventCountry "RUS"]
[SourceTitle "playchess.com"]
[Source "ChessBase"]
[SourceQuality "1"]

{[%evp 10,111,45,0,36,22,52,20,14,18,25,17,35,27,49,6,8,-31,-31,-41,-35,-35,-25,-130,-127,-154,-151,-172,-146,-140,-135,-136,-136,-157,-120,-177,-168,-188,412,408,637,401,383,375,485,481,449,375,423,369,419,424,462,461,448,444,440,438,439,427,418,401,475,370,403,384,477,327,368,369,351,356,729,553,537,463,570,571,541,405,947,947,1329,1233,1565,947,904,622,947,615,615,614,614,615,615,615,606,598,765,743,857,664,29998,29999]} 1. d4 d6 2. c4 e5 3. d5 f5 4. e4 Nf6 5. Nc3 Be7 (5... g6 6. Bd3 Bg7 7. exf5 gxf5 8. Qc2 Qd7 9. Nh3 Na6 10. a3 Nc5 11. Be2 a5 12. Be3 h6 13. O-O {0-1 (27) Flom,G (2448)-Onischuk,V (2623) Bastia 2017}) 6. Bd3 {LiveBook: 3 Games. A41: 1 d4 d6: Tartakower System and Modern Defence} fxe4 7. Nxe4 O-O 8. Ne2 {White is slightly better.} Nxe4 9. Bxe4 Nd7 {[%cal Bb8d7,Bd7f6,Bf6h5,Bh5f4][%mdl 32]} 10. O-O Nf6 $146 ({Predecessor:} 10... Nc5 11. Bc2 Bf5 12. Bxf5 Rxf5 13. Ng3 {½-½ (40) Bouget,A (2287)-Guezennec,F (2193) Rennes 2014}) 11. Bc2 Nh5 12. Nd4 (12. Nc3 $5 {[%cal Rd1h5]} Nf4 13. Be3 $14 (13. Bxf4 Rxf4 14. Qe2 g6 $11)) 12... g6 13. Ne6 Bxe6 $1 14. dxe6 c6 15. Bh6 Rf6 16. g4 (16. Qe2 $11) 16... Nf4 {Threatens to win with ...g5.} (16... Rxe6 17. gxh5 g5 18. Bxg5 $16) 17. Bxf4 Rxf4 18. Qe2 Bf6 19. Rad1 Qe7 20. f3 Qxe6 21. Be4 Bd8 22. b3 (22. b4 $17 {keeps fighting.}) 22... Bb6+ $19 23. Kg2 Bd4 $4 {[%mdl 8192] [#]} (23... a5 $19 {and life is good for Black. Hoping for ...Bc5.} 24. Qe1 Qf6) 24. Rxd4 $1 $18 {[%mdl 512]} Rd8 ({Reject} 24... exd4 25. Bd5 $18) (24... Rf7 $142) 25. Rd2 Kg7 26. h3 d5 27. cxd5 cxd5 28. Bb1 Rdf8 29. Qe3 e4 {and the idea ...Qe5 leaves Black hopeful.} 30. Qd4+ Kh6 {[%cal Re4f3]} 31. Qxd5 exf3+ 32. Kh2 Qe3 33. Rff2 R8f7 34. Bc2 Kg7 35. Bd1 Re4 {( -> ...Qf4+)} 36. Qd6 Ref4 37. b4 h5 38. g5 {Strongly threatening Bc2.} R7f5 39. Qc7+ Rf7 40. Qc5 Qe1 $2 (40... Qxc5 41. bxc5 h4) 41. Bb3 Re7 42. Rd1 Qe4 43. Qc3+ Kh7 44. Qc8 {[%csl Gb3][%cal Rc8g8]} Rff7 (44... Rg7 $142 45. Qc3 (45. Rd7 Rff7 $18) 45... Qe7) 45. Bxf7 {[%csl Gf7][%cal Rc8g8]} Qf4+ 46. Kh1 {[%csl Gf7][%cal Rc8g8]} Rxf7 47. Qe6 Kg7 48. Re1 Qh4 49. Qe5+ Kh7 50. Qh2 Qxg5 51. Rg1 Qf5 52. Qg3 Qe4 53. Kh2 h4 54. Qg4 Rf4 55. Qg5 Qe3 56. Qxg6+ {Precision: White = 64%, Black = 34%.} 1-0

[Event "RUS-chT Rapid Men 2018"]
[Site "Sochi"]
[Date "2018.10.09"]
[Round "9"]
[White "Ivlev, Aleksey"]
[Black "Shcherbakov, Ruslan"]
[Result "0-1"]
[WhiteElo "2326"]
[BlackElo "2516"]
[Annotator "TA"]
[PlyCount "102"]
[EventDate "2018.10.05"]
[EventType "swiss"]
[EventCountry "RUS"]
[SourceTitle "playchess.com"]
[Source "ChessBase"]
[SourceQuality "1"]

{[%evp 25,102,0,27,-27,8,4,13,-12,9,0,6,0,52,48,91,84,85,70,93,20,18,36,81,74,102,80,113,98,121,113,121,118,105,89,219,202,657,635,762,764,897,854,959,731,786,803,860,850,829,814,766,129,122,126,5006,4917,29972,29974,29987,12841,29995,29958,29948,5494,950,8,0,-162,-162,-162,-162,-346,-345,-393,-371,-1718,-709,-1868,-1729]} 1. d4 Nf6 2. c4 e6 3. g3 c5 4. d5 exd5 5. cxd5 d6 6. Nc3 g6 7. Bg2 Bg7 8. Nf3 O-O 9. O-O Na6 10. Nd2 Nc7 11. a4 b6 12. Nc4 Ba6 13. Qb3 Qd7 {LiveBook: 10 Partien. A62: Benoni (mit 7.g3)} (13... Bxc4 14. Qxc4 a6 15. Bf4 Rb8 16. b4 Nh5 17. Bd2 b5 18. axb5 cxb4 19. b6 Rxb6 20. Na4 Rb8 21. Rac1 Qd7 22. Bxb4 Qxa4 23. Bxd6 Qxc4 24. Rxc4 {½-½ (37) Jianu,V (2502)-Suba,M (2471) Brasov 2011}) 14. Bf4 (14. h3 $142) 14... Bxc4 15. Qxc4 a6 {Die Stellung ist ausgeglichen.} 16. Bg5 h6 17. Bd2 $146 ({Vorgänger:} 17. Bxf6 Bxf6 18. Qf4 Kg7 19. Qd2 Kh7 20. Ne4 Be7 21. f4 {0-1 (49) Reynolds,R-Pruner,E Lincoln,OR 1969}) 17... b5 18. Qd3 c4 ({Lieber} 18... Ng4 $11) 19. Qc2 $14 Ng4 20. h3 Nf6 21. e4 Qe7 22. b4 (22. Na2 $16) 22... Nd7 $11 23. f4 a5 24. Rab1 $1 {[%cal Ba1b1,Bb1b4,Bb4c4,Bc4c6][%mdl 32] Und bxa5 würde nun gewinnen.} axb4 25. Rxb4 bxa4 26. Rxc4 Nb6 {[#]} 27. Rc6 $1 Rfb8 28. e5 Ne8 29. e6 {Und weiter mit f5 wäre nett.} Rc8 (29... f5 $16 {war nötig.}) 30. f5 $18 gxf5 $2 (30... Rxc6 31. exf7+ (31. dxc6 fxe6 32. fxe6 Qxe6 $16) 31... Qxf7 32. dxc6 (32. fxg6 Qxf1+ 33. Bxf1 Rc7 $16) 32... a3 33. fxg6 Qc4) 31. Qxf5 (31. Rxb6 Bd4+ 32. Kh2 Bxb6 $18) 31... fxe6 32. dxe6 Qf6 33. Qh5 Qd4+ 34. Rf2 Nf6 35. Qf7+ Kh8 36. Nb5 Qa1+ 37. Rf1 Qe5 38. e7 $2 (38. Bc3 $18 {bietet bessere Gewinnchancen.} Qe3+ 39. Kh1) 38... Rxc6 $16 39. Bxc6 Qc5+ $2 {[%mdl 8192]} (39... Re8 $16 40. Bxh6 (40. Bxe8 Qxg3+ 41. Kh1 Qxh3+ 42. Kg1 Qg3+ 43. Kh1 Qh3+ 44. Kg1 Qg3+ 45. Kh1 Qh3+ $11) 40... Qxg3+ 41. Bg2 Bxh6 42. Rxf6 Qe1+ 43. Kh2 Qe5+ 44. Kh1 Qe1+ 45. Kh2 (45. Bf1 Qe4+ 46. Bg2 Qe1+ 47. Rf1 Rxe7 $16) 45... Qe5+ 46. Kh1 Qe1+ 47. Rf1 (47. Bf1 Qe4+ 48. Bg2 Qe1+ $14) 47... Rxe7) 40. Kh2 $18 Qxc6 41. Rxf6 Nd5 42. Rxd6 (42. Rg6 $142 Rg8 {[#]} 43. Rxg7 $1 {[%mdl 512]} Rxg7 44. e8=Q+ Qxe8 45. Qxe8+ Rg8 46. Qh5 Rf8 47. Qxh6+ Kg8 48. Qg6+ Kh8 49. Nxd6) 42... Qxb5 43. Rxd5 Qe2+ 44. Kg1 Rg8 45. Qf4 $2 (45. g4 $18 {Weiss will mit Td8 Matt setzen.} Qe4 46. Kf1 (46. Rd8 Bd4+ 47. Rxd4 Qxd4+ 48. Kf1 Qxd2 $11) 46... Qh1+ 47. Ke2 Qh2+ 48. Kd3 Qxh3+ 49. Be3 Qxg4 50. e8=Q Rxe8 51. Qxe8+ Kh7 52. Rd7 Qd1+ 53. Kc4 Qb3+ 54. Kc5 Qc2+ 55. Kb4 Qb1+ 56. Kxa4 Qc2+ 57. Ka5 Qf5+ 58. Kb4 Qb1+ 59. Kc5 Qc2+ 60. Kd6 Qg6+ 61. Qe6 Qxe6+ 62. Kxe6) 45... Qxe7 $11 {...a3 ist eine echte Drohung.} 46. h4 $2 (46. Qxa4 $11 {und Weiss ist OK.} Rf8 47. Qc4) 46... a3 $36 {[%cal Ba4a3,Ba3a2][%mdl 2080] Schwarz hat starke Initiative.} 47. Ra5 Rf8 48. Qe3 $2 (48. Qc4 {einziger Zug.}) 48... Qf7 49. Qe2 a2 {Weiss muss nun ...Ld4+ beachten.} 50. Bb4 $2 (50. Bc3 Bxc3 51. Rxa2) 50... Bd4+ 51. Kh1 Qf1+ {Precision: Weiß = 38%, Schwarz = 35%.} 0-1

[Event "RUS-chT Rapid Men 2018"]
[Site "Sochi"]
[Date "2018.10.09"]
[Round "9"]
[White "Kozak, Alexander"]
[Black "Diakonova, Ekaterina"]
[Result "1/2-1/2"]
[WhiteElo "2262"]
[BlackElo "2236"]
[Annotator "TA"]
[PlyCount "162"]
[EventDate "2018.10.05"]
[EventType "swiss"]
[EventCountry "RUS"]
[SourceTitle "playchess.com"]
[Source "ChessBase"]
[SourceQuality "1"]

{[%evp 13,162,17,4,0,-2,-16,0,0,39,37,72,79,73,75,85,85,81,88,54,60,49,-12,77,71,56,47,47,47,47,44,44,43,47,47,47,47,47,47,47,47,55,51,51,50,54,51,55,39,69,69,85,41,93,37,37,25,25,25,25,25,25,0,25,25,25,12,16,0,0,-8,0,0,0,0,0,0,0,0,0,-8,0,-60,8,8,8,8,8,0,0,0,0,0,0,0,0,0,0,0,0,0,0,0,0,0,0,0,0,0,0,0,0,0,0,0,0,0,0,0,0,0,0,0,0,-8,0,0,0,0,0,0,0,0,0,0,0,0,0,0,0,0,8,8,8,8,8,8,8,-2,-2,-2,29981]} 1. e4 c5 2. c3 g6 3. d4 cxd4 4. cxd4 d5 5. exd5 Bg7 6. Bb5+ Nd7 7. Nc3 Ngf6 {LiveBook: 305 Games} 8. Qb3 {B14: Caro-Kann: Panov-Botvinnik Attack with 5...e6 and 5...g6} (8. d6 exd6 9. Qe2+ Qe7 10. Bf4 Qxe2+ 11. Bxe2 O-O 12. Bxd6 Re8 13. O-O-O Nb6 14. Nf3 Rxe2 15. Nxe2 Bf5 16. Bf4 Rc8+ 17. Kd2 Nc4+ 18. Ke1 Nxb2 19. Ra1 {0-1 (33) Frolyanov,D (2570)-Vitiugov,N (2734) Khanty-Mansiysk 2013}) 8... O-O 9. Bxd7 (9. Nge2 {is interesting.} a6 10. Bd3 b5 11. a4 bxa4 12. Rxa4 Rb8 13. Qa3) 9... Nxd7 $146 ({Predecessor:} 9... Qxd7 10. Nge2 b6 11. Bg5 Ba6 12. O-O Rfd8 13. Rfe1 h6 14. Bh4 g5 15. Bg3 Nxd5 16. Nxd5 Qxd5 {0-1 (23) Rosino,A (2178)-Dawson,A (1900) Dresden 2013}) 10. Nf3 Qb6 11. O-O {[%cal Bh1f1,Bf1e1,Be1e7,Be7c7][%mdl 32]} Rd8 12. Re1 Qxb3 13. axb3 Nb6 14. Rxe7 Kf8 15. Rc7 Nxd5 16. Nxd5 Rxd5 17. Ng5 (17. Be3 $14) 17... Kg8 (17... Bxd4 $11 18. Rxf7+ Kg8) 18. Nxf7 $16 Rxd4 {[%cal Rd4d1] [#]} 19. Be3 (19. Nh6+ {seems wilder.} Kh8 20. Be3 Rd7 21. Rac1 Rxc7 22. Rxc7 b6 23. Re7) 19... Rd7 20. Nh6+ Bxh6 21. Rxd7 Bxd7 22. Bxh6 $14 {[%mdl 4096] Endgame KRB-KRB} Bc6 23. f3 a6 24. Kf2 Re8 25. h4 Bb5 26. Be3 h5 27. Rd1 Kf7 28. Rd4 Re5 29. b4 Re6 30. g4 hxg4 31. fxg4 Bc6 32. h5 Re4 ({Black should play} 32... Rf6+ $14 33. Rf4 Rxf4+ 34. Bxf4 Bd7) 33. hxg6+ ({Better is} 33. Rxe4 $16 Bxe4 34. h6) 33... Kxg6 34. Rd6+ Kf7 35. g5 Re6 36. Rd8 Re8 37. Rd6 Re6 38. Rd1 Re8 39. Bf4 Re4 40. Kg3 Rxb4 41. Rd6 Rb3+ 42. Kg4 Rxb2 43. Rf6+ Kg8 44. Bd6 Rg2+ 45. Kh5 {[#] Kh6 would kill now.} Rg1 46. Re6 Bd5 47. Re8+ (47. Rg6+ $11 Kf7 48. Rf6+ Ke8 49. Bb4) 47... Kf7 (47... Kg7 $1 $15 48. Re7+ Bf7+ 49. Kh4 Rb1) 48. Re7+ $11 {The position is equal.} Kg8 49. Kg6 {[%cal Re7e8]} Bf7+ $1 50. Kf5 Rf1+ 51. Bf4 b5 52. Rb7 Rf2 53. Ke5 Kg7 54. Be3 Re2 55. Kf4 Re1 56. Rb6 Rf1+ 57. Kg4 Re1 58. Bd4+ Kg8 {Hoping for ...Re4+.} 59. Bf6 Re6 60. Rb7 Re1 61. Rb8+ Re8 62. Rb7 Re1 63. Kf5 Rf1+ 64. Ke5 {Rb8+ is the strong threat.} Re1+ 65. Kd4 Rd1+ 66. Ke3 Re1+ 67. Kd2 Re4 68. Kd3 Re1 69. Kd4 Rd1+ 70. Kc5 Rc1+ 71. Kb6 b4 72. Kxa6 b3 73. Ka5 Rc2 74. Kb4 Rc4+ 75. Ka3 Rc2 76. g6 {Threatening mate with Rb8+.} Bxg6 77. Rg7+ Kf8 78. Rxg6 Kf7 79. Rh6 Rc6 80. Rh7+ Kg6 81. Rh2 Kxf6 $2 {[%mdl 40960] Precision: White = 62%, Black = 70%. . An unexpected result.} (81... Rxf6 $11 82. Rg2+ Kf7) 1/2-1/2

[Event "RUS-chT Rapid Men 2018"]
[Site "Sochi"]
[Date "2018.10.09"]
[Round "9"]
[White "Borisova, Ekaterina"]
[Black "Nuristani, Iman"]
[Result "1/2-1/2"]
[WhiteElo "2256"]
[BlackElo "2242"]
[Annotator "NA"]
[PlyCount "74"]
[EventDate "2018.10.05"]
[EventType "swiss"]
[EventCountry "RUS"]
[SourceTitle "playchess.com"]
[Source "ChessBase"]
[SourceQuality "1"]
[TimeControl "900+10"]

1. d4 {[%emt 0:00:00]} Nf6 {[%emt 0:00:00]} 2. Nf3 {[%emt 0:00:00]} e6 {[%emt 0:00:00]} 3. g3 {[%emt 0:00:00]} b6 {[%emt 0:00:01]} 4. Bg2 {[%emt 0:00:00]} Bb7 {[%emt 0:00:02]} 5. O-O {[%emt 0:00:00]} Be7 {[%emt 0:00:02]} 6. c4 {[%emt 0:00:01]} O-O {[%emt 0:00:03]} 7. d5 {[%emt 0:00:01]} exd5 {[%emt 0:00:04]} 8. Nh4 {[%emt 0:00:01]} c6 {[%emt 0:00:10]} 9. cxd5 {[%emt 0:00:06]} Nxd5 {[%emt 0:00:18]} 10. Nf5 {[%emt 0:00:02]} Nc7 {[%emt 0:02:23]} 11. Nc3 {[%emt 0:00:49]} d5 {[%emt 0:00:49]} 12. e4 {[%emt 0:00:02]} Nd7 {[%emt 0:01:16]} 13. exd5 {[%emt 0:00:40]} cxd5 {[%emt 0:00:47]} 14. Nxd5 {[%emt 0:01:29]} Bxd5 {[%emt 0:01:22]} 15. Nxe7+ {[%emt 0:01:46]} Qxe7 {[%emt 0:00:03]} 16. Bxd5 {[%emt 0:00:01]} Nxd5 {[%emt 0:00:07]} 17. Qxd5 {[%emt 0:00:02]} Nf6 {[%emt 0:00:07]} 18. Qf5 {[%emt 0:00:28]} Rad8 {[%emt 0:02:13]} 19. Bg5 {[%emt 0:01:05]} Rd6 {[%emt 0:02:29]} 20. Rfe1 {[%emt 0:00:28]} Qd8 {[%emt 0:00:24]} 21. Rac1 {[%emt 0:01:29]} h6 {[%emt 0:00:27]} 22. Bf4 {[%emt 0:00:50]} Rd5 {[%emt 0:00:10]} 23. Qc2 {[%emt 0:00:13]} Nh5 {[%emt 0:00:55]} 24. Be3 {[%emt 0:02:42]} Qf6 {[%emt 0:00:32]} 25. Red1 {[%emt 0:01:09]} Rfd8 {[%emt 0:01:00]} 26. Rxd5 {[%emt 0:00:57]} Rxd5 {[%emt 0:00:05]} 27. Qe4 {[%emt 0:00:38]} Qd8 {[%emt 0:00:49]} 28. Qc4 {[%emt 0:01:29]} Qd6 {[%emt 0:01:48]} 29. Qe4 {[%emt 0:00:58]} Qd7 {[%emt 0:00:36]} 30. Qc2 {[%emt 0:00:11]} Qe7 {[%emt 0:00:37]} 31. Rd1 {[%emt 0:01:33]} Qd7 {[%emt 0:00:16]} 32. Rxd5 {[%emt 0:00:17]} Qxd5 {[%emt 0:00:03]} 33. Qc8+ {[%emt 0:00:01]} Kh7 {[%emt 0:00:01]} 34. Qc2+ {[%emt 0:00:09]} Kg8 {[%emt 0:00:02]} 35. Qc8+ {[%emt 0:00:01]} Kh7 {[%emt 0:00:01]} 36. Qc2+ {[%emt 0:00:01]} Kg8 {[%emt 0:00:43]} 37. Qc8+ {[%emt 0:00:01]} Kh7 {[%emt 0:00:08]} 1/2-1/2

[Event "RUS-chT Rapid Men 2018"]
[Site "Sochi"]
[Date "2018.10.09"]
[Round "9"]
[White "Kretov, Evgenij"]
[Black "Lilyak, Arseniy"]
[Result "1-0"]
[WhiteElo "2219"]
[BlackElo "1509"]
[Annotator "NA"]
[PlyCount "71"]
[EventDate "2018.10.05"]
[EventType "swiss"]
[EventCountry "RUS"]
[SourceTitle "playchess.com"]
[Source "ChessBase"]
[SourceQuality "1"]
[TimeControl "900+10"]

1. d4 {[%emt 0:00:00]} Nf6 {[%emt 0:00:00]} 2. c4 {[%emt 0:00:00]} g6 {[%emt 0:00:00]} 3. Nc3 {[%emt 0:00:00]} Bg7 {[%emt 0:00:00]} 4. e4 {[%emt 0:00:00]} d6 {[%emt 0:00:00]} 5. Be2 {[%emt 0:00:00]} O-O {[%emt 0:00:00]} 6. Bg5 {[%emt 0:00:00]} Nbd7 {[%emt 0:00:04]} 7. Qd2 e5 {[%emt 0:00:56]} 8. d5 {[%emt 0:00:00]} Nc5 {[%emt 0:00:08]} 9. f3 {[%emt 0:00:00]} c6 {[%emt 0:00:44]} 10. b4 {[%emt 0:00:38]} Na6 {[%emt 0:00:21]} 11. a3 {[%emt 0:00:20]} Nc7 {[%emt 0:00:33]} 12. dxc6 {[%emt 0:00:40]} bxc6 {[%emt 0:00:06]} 13. Rd1 {[%emt 0:00:02]} Nce8 {[%emt 0:00:46]} 14. h4 {[%emt 0:00:07]} Qc7 {[%emt 0:00:10]} 15. g4 {[%emt 0:00:25]} h5 {[%emt 0:00:41]} 16. Bxf6 {[%emt 0:00:51]} Nxf6 {[%emt 0:00:41]} 17. gxh5 {[%emt 0:00:33]} Nxh5 {[%emt 0:00:13]} 18. Qxd6 {[%emt 0:00:04]} Qxd6 {[%emt 0:00:05]} 19. Rxd6 {[%emt 0:00:01]} Ng3 {[%emt 0:00:20]} 20. Rh2 {[%emt 0:00:03]} Nxe2 {[%emt 0:00:14]} 21. Ngxe2 {[%emt 0:00:10]} Bb7 {[%emt 0:00:02]} 22. h5 {[%emt 0:00:11]} gxh5 {[%emt 0:00:13]} 23. Ng3 {[%emt 0:00:21]} Rfd8 {[%emt 0:00:10]} 24. Nf5 {[%emt 0:00:32]} Rxd6 {[%emt 0:02:35]} 25. Nxd6 {[%emt 0:00:02]} Bc8 {[%emt 0:00:03]} 26. Rxh5 {[%emt 0:00:38]} Be6 {[%emt 0:00:07]} 27. c5 {[%emt 0:01:02]} a5 {[%emt 0:00:09]} 28. b5 {[%emt 0:00:12]} cxb5 {[%emt 0:00:06]} 29. Ncxb5 {[%emt 0:00:03]} Rb8 {[%emt 0:00:02]} 30. c6 {[%emt 0:01:33]} Bf8 {[%emt 0:00:24]} 31. Rxe5 {[%emt 0:00:57]} Bxd6 {[%emt 0:00:11]} 32. Nxd6 {[%emt 0:00:02]} Rb6 {[%emt 0:00:46]} 33. Rxe6 {[%emt 0:00:16]} fxe6 {[%emt 0:00:07]} 34. c7 {[%emt 0:00:02]} Rc6 {[%emt 0:00:02]} 35. c8=Q+ {[%emt 0:00:03]} Rxc8 {[%emt 0:00:02]} 36. Nxc8 {[%emt 0:00:01]} 1-0

[Event "RUS-chT Rapid Men 2018"]
[Site "Sochi"]
[Date "2018.10.09"]
[Round "9"]
[White "Okun, Evgeny"]
[Black "Asatryan, Maria"]
[Result "1-0"]
[WhiteElo "2163"]
[BlackElo "1498"]
[Annotator "NA"]
[PlyCount "59"]
[EventDate "2018.10.05"]
[EventType "swiss"]
[EventCountry "RUS"]
[SourceTitle "playchess.com"]
[Source "ChessBase"]
[SourceQuality "1"]
[TimeControl "900+10"]

1. g3 {[%emt 0:00:00]} c5 {[%emt 0:00:00]} 2. f4 {[%emt 0:00:00]} d6 {[%emt 0:00:00]} 3. Nf3 {[%emt 0:00:00]} Nf6 {[%emt 0:00:00]} 4. d3 {[%emt 0:00:00]} g6 {[%emt 0:00:01]} 5. Nc3 {[%emt 0:00:03]} Bg7 {[%emt 0:00:01]} 6. e4 {[%emt 0:00:02]} Nc6 {[%emt 0:00:02]} 7. Bg2 {[%emt 0:00:00]} O-O {[%emt 0:00:06]} 8. O-O {[%emt 0:00:05]} a6 {[%emt 0:00:04]} 9. h3 {[%emt 0:00:02]} Qc7 {[%emt 0:00:05]} 10. g4 {[%emt 0:00:01]} b5 {[%emt 0:00:10]} 11. g5 {[%emt 0:00:01]} Nd7 {[%emt 0:00:22]} 12. Nd5 {[%emt 0:00:03]} Qd8 {[%emt 0:00:22]} 13. c3 {[%emt 0:00:28]} Bb7 {[%emt 0:00:03]} 14. Kh1 {[%emt 0:00:25]} Nb6 {[%emt 0:00:32]} 15. Ne3 {[%emt 0:00:07]} d5 {[%emt 0:04:38]} 16. Qe2 {[%emt 0:00:13]} dxe4 {[%emt 0:00:24]} 17. dxe4 {[%emt 0:00:02]} Qc7 {[%emt 0:00:02]} 18. Ng4 {[%emt 0:00:28]} Rad8 {[%emt 0:01:19]} 19. f5 {[%emt 0:00:32]} f6 {[%emt 0:01:39]} 20. Nh4 {[%emt 0:01:28]} gxf5 {[%emt 0:05:31]} 21. Nxf5 {[%emt 0:00:13]} Bc8 {[%emt 0:00:45]} 22. Nxg7 {[%emt 0:00:25]} Kxg7 {[%emt 0:01:00]} 23. gxf6+ {[%emt 0:00:02]} Kf7 {[%emt 0:00:03]} 24. fxe7+ {[%emt 0:00:14]} Kxe7 {[%emt 0:00:02]} 25. Bg5+ {[%emt 0:00:02]} Ke8 {[%emt 0:00:41]} 26. Rxf8+ {[%emt 0:00:06]} Kxf8 {[%emt 0:00:03]} 27. Rf1+ {[%emt 0:00:10]} Kg8 {[%emt 0:00:53]} 28. Nh6+ {[%emt 0:00:13]} Kg7 {[%emt 0:00:36]} 29. Bf6+ {[%emt 0:01:39]} Kxh6 {[%emt 0:00:12]} 30. Qe3+ {[%emt 0:00:02]} 1-0